000 00647nam a2200229Ia 4500
008 100315s9999 xx 000 0 und d
040 _cENGLISH 
082 _b7498 
_a658.42 
100 _a"Dinkmeyer, Don, Eckstein, Daniel "
245 _aLeadership by encouragement
260 _aMumbai 
_bBusiness pub  
_c1997 
300 _a245 
365 _eRupees 
_d
_b0.00 
366 _f
505 _gRamakant Amar Navghare 
530 _bDonated by RBI Library  
620 _a"Leadership, HRM. "
630 _aLeadership by encouragement
650 _aHRM 
730 _aLeadership by encouragement
942 _cBOOK
999 _c482233
_d482230